[Event "Turkey Cup 2020"]
[Site "Antalya-Belek"]
[Date "2020.01.27"]
[Round "3.72"]
[White "Celik, Hilmi"]
[Black "Muftuoglu, Musa Emin"]
[Result "0-1"]
[WhiteElo "1675"]
[BlackElo "1834"]
[Annotator "NA"]
[PlyCount "74"]
[EventDate "2020.01.26"]
[EventType "swiss"]
[EventCountry "TUR"]
[SourceTitle "playchess.com"]
[Source "ChessBase"]
[SourceQuality "1"]

1. b3 e6 2. Bb2 f5 3. Nf3 Nf6 4. g3 Be7 5. Bg2 O-O 6. c4 d6 7. O-O e5 8. d3 Qe8 9. Nc3 Qh5 10. Nd5 Nxd5 11. cxd5 Nd7 12. Rc1 Bd8 13. e4 fxe4 14. dxe4 Nf6 15. Nd2 Qh6 16. f3 Bd7 17. a4 a5 18. Nc4 b5 19. Nxe5 dxe5 20. Bxe5 Rc8 21. axb5 Bxb5 22. Rf2 Bd7 23. Rfc2 Qe3+ 24. Rf2 Nxe4 25. fxe4 Qxf2+ 26. Kh1 Qb6 27. Bd4 Qh6 28. e5 Bg4 29. Qe1 Be7 30. Rc6 Bb4 31. Bc3 Bxc3 32. Qxc3 Qh5 33. e6 Qf5 34. h4 Bh3 35. Qc4 Bxg2+ 36. Kxg2 Qf2+ 37. Kh3 Rf3 0-1

[Event "Turkey Cup 2020"]
[Site "Antalya-Belek"]
[Date "2020.01.27"]
[Round "3.73"]
[White "Urun, Sina Mete"]
[Black "Bayik, Hasan"]
[Result "0-1"]
[WhiteElo "1494"]
[BlackElo "1822"]
[Annotator "NA"]
[PlyCount "98"]
[EventDate "2020.01.26"]
[EventType "swiss"]
[EventCountry "TUR"]
[SourceTitle "playchess.com"]
[Source "ChessBase"]
[SourceQuality "1"]

1. e4 c6 2. d4 d5 3. Nc3 dxe4 4. Nxe4 Bf5 5. Ng3 Bg6 6. h4 h6 7. h5 Bh7 8. Nf3 e6 9. Bd3 Bxd3 10. Qxd3 Nf6 11. Bd2 Bd6 12. Ne4 Nxe4 13. Qxe4 Nd7 14. O-O-O Nf6 15. Qe2 Qc7 16. Ne5 O-O-O 17. Kb1 Kb8 18. Rh3 c5 19. Nf3 Rhe8 20. dxc5 Bxc5 21. Rh4 Ka8 22. Rf1 Rd5 23. Bc3 Red8 24. a4 a6 25. Ne5 Bd4 26. Bxd4 Rxd4 27. Rxd4 Rxd4 28. Nd3 Rxa4 29. Qe5 Qxe5 30. Nxe5 Nxh5 31. Nxf7 Rf4 32. Nd6 Kb8 33. f3 Kc7 34. Ne4 b6 35. Rd1 Nf6 36. Nc3 Rf5 37. Ne2 Rd5 38. Nd4 Rd6 39. Kc1 Kd7 40. g4 g6 41. c4 e5 42. Nc2 Rxd1+ 43. Kxd1 Kd6 44. Kd2 Kc5 45. Kd3 a5 46. Ne3 Kb4 47. Kc2 a4 48. Kd3 Kb3 49. Nd1 h5 0-1

[Event "Turkey Cup 2020"]
[Site "Antalya-Belek"]
[Date "2020.01.27"]
[Round "3.74"]
[White "Temizer, Umut"]
[Black "Yuksel, Oktay Yigit"]
[Result "1-0"]
[WhiteElo "1927"]
[BlackElo "1464"]
[Annotator "NA"]
[PlyCount "65"]
[EventDate "2020.01.26"]
[EventType "swiss"]
[EventCountry "TUR"]
[SourceTitle "playchess.com"]
[Source "ChessBase"]
[SourceQuality "1"]

1. e4 c5 2. Nf3 d6 3. Bb5+ Bd7 4. Bxd7+ Qxd7 5. O-O Nc6 6. c3 Nf6 7. Qe2 e5 8. Rd1 Be7 9. d4 cxd4 10. cxd4 Qc7 11. Nc3 O-O 12. Bg5 Rfd8 13. Bxf6 Bxf6 14. Nd5 Qa5 15. Nxf6+ gxf6 16. d5 Ne7 17. Nh4 Ng6 18. Nf5 Kh8 19. Qe3 Nf4 20. g3 Rg8 21. Nxd6 Qc7 22. Nf5 Qd7 23. Kh1 Ng6 24. Qh6 Qd8 25. d6 Qd7 26. Kg1 Rad8 27. b3 Qe6 28. Kh1 Nf8 29. Rac1 Nd7 30. Rc7 b6 31. Rdc1 Rg6 32. Qh4 Qe8 33. Ne7 1-0

[Event "Turkey Cup 2020"]
[Site "Antalya-Belek"]
[Date "2020.01.27"]
[Round "3.75"]
[White "Demirkesen, Mehmet Cihad"]
[Black "Celik, Eylul"]
[Result "1/2-1/2"]
[WhiteElo "1592"]
[BlackElo "1865"]
[Annotator "NA"]
[PlyCount "66"]
[EventDate "2020.01.26"]
[EventType "swiss"]
[EventCountry "TUR"]
[SourceTitle "playchess.com"]
[Source "ChessBase"]
[SourceQuality "1"]

1. c4 c6 2. Nc3 d5 3. e3 e6 4. d4 f5 5. Nf3 Nf6 6. Ne5 Bd6 7. Be2 O-O 8. O-O Nbd7 9. f4 Ne4 10. Nxe4 fxe4 11. c5 Bxe5 12. fxe5 b6 13. Bg4 Qe7 14. b4 a5 15. Rxf8+ Nxf8 16. Bd2 Nd7 17. a3 Ba6 18. Rc1 axb4 19. axb4 Rf8 20. Be2 Bxe2 21. Qxe2 b5 22. Ra1 Nb8 23. Be1 g5 24. h4 h6 25. Qg4 Kg7 26. h5 Qf7 27. Qe2 Qf5 28. g4 Qf7 29. Bg3 Qe7 30. Kg2 Rf7 31. Rf1 Rxf1 32. Qxf1 Qf7 33. Qxf7+ Kxf7 1/2-1/2

[Event "Turkey Cup 2020"]
[Site "Antalya-Belek"]
[Date "2020.01.27"]
[Round "3.76"]
[White "Erkam, Hakan Oguzcan"]
[Black "Eren, Alper"]
[Result "1/2-1/2"]
[WhiteElo "1538"]
[BlackElo "1846"]
[Annotator "NA"]
[PlyCount "103"]
[EventDate "2020.01.26"]
[EventType "swiss"]
[EventCountry "TUR"]
[SourceTitle "playchess.com"]
[Source "ChessBase"]
[SourceQuality "1"]

1. d4 c5 2. c3 e6 3. Bf4 Nf6 4. e3 Nc6 5. Nd2 Be7 6. Ngf3 O-O 7. Bd3 d5 8. Ne5 Bd7 9. h4 cxd4 10. exd4 Rc8 11. g4 Ne8 12. g5 f5 13. gxf6 Nxf6 14. Ndf3 Ne4 15. Bg5 Nxe5 16. Nxe5 Bf6 17. Qe2 Nxf2 18. Bxh7+ Kxh7 19. Qh5+ Kg8 20. Rf1 Be8 21. Ng6 Bxg6 22. Qxg6 Bxg5 23. hxg5 Qd6 24. Rxf2 Rxf2 25. Kxf2 Qf4+ 26. Ke2 Qg4+ 27. Kd2 Rf8 28. Kc2 Rf2+ 29. Kb3 Qe4 30. Qxe4 dxe4 31. Re1 Rf4 32. g6 Kf8 33. Kc4 Ke7 34. d5 Kd6 35. dxe6 Kxe6 36. Kd4 Kf5 37. Kd5 Kxg6 38. Rxe4 Rxe4 39. Kxe4 Kf6 40. a4 Ke6 41. b4 g5 42. c4 g4 43. a5 g3 44. Kf3 Ke5 45. a6 bxa6 46. Kxg3 Kd4 47. c5 Kd5 48. Kf3 a5 49. bxa5 Kxc5 50. Ke3 Kb5 51. a6 Kxa6 52. Ke4 1/2-1/2

[Event "Turkey Cup 2020"]
[Site "Antalya-Belek"]
[Date "2020.01.27"]
[Round "3.77"]
[White "Onem, Cem"]
[Black "Kervancioglu, Talu"]
[Result "1-0"]
[WhiteElo "1805"]
[BlackElo "1539"]
[Annotator "NA"]
[PlyCount "131"]
[EventDate "2020.01.26"]
[EventType "swiss"]
[EventCountry "TUR"]
[SourceTitle "playchess.com"]
[Source "ChessBase"]
[SourceQuality "1"]

1. d4 Nf6 2. c4 c5 3. d5 e6 4. Nc3 exd5 5. cxd5 d6 6. e4 g6 7. Bd3 Bg7 8. h3 O-O 9. Nf3 b5 10. Bxb5 Nxe4 11. Nxe4 Qa5+ 12. Nfd2 Qxb5 13. Nxd6 Qa6 14. N2c4 Nd7 15. O-O Ne5 16. Nxc8 Raxc8 17. Ne3 Rfd8 18. Qc2 Nd3 19. Rd1 Nb4 20. Qb1 Bd4 21. Bd2 Nxd5 22. Nxd5 Rxd5 23. Bc3 Rcd8 24. Bxd4 cxd4 25. Qd3 Qb6 26. Rd2 Rb5 27. b3 Rc5 28. Rad1 Qc6 29. Qb1 Rg5 30. g3 Qd7 31. Qe4 Rd5 32. Rd3 Qe6 33. Qf4 Rf5 34. Qh4 g5 35. Qg4 Rfd5 36. Kg2 Qxg4 37. hxg4 f6 38. f4 gxf4 39. gxf4 Kf7 40. Kf3 R5d6 41. R1d2 R8d7 42. Rh2 Kg6 43. Rc2 Ra6 44. a4 Rb6 45. Rc4 Rbd6 46. b4 Kg7 47. b5 Kf7 48. Rc6 Rxc6 49. bxc6 Rc7 50. Rxd4 Rxc6 51. Rd7+ Ke6 52. Rxa7 Rc3+ 53. Kf2 Rc4 54. Kg3 Rc3+ 55. Kh4 Rc4 56. Ra6+ Kf7 57. f5 Rc1 58. Ra7+ Kg8 59. a5 Rh1+ 60. Kg3 Ra1 61. a6 Ra3+ 62. Kf4 Ra4+ 63. Ke3 Ra3+ 64. Ke4 Ra4+ 65. Kd5 Ra5+ 66. Ke4 1-0

[Event "Turkey Cup 2020"]
[Site "Antalya-Belek"]
[Date "2020.01.27"]
[Round "3.78"]
[White "Colak, Demir"]
[Black "Ozkale, Can Barkin"]
[Result "0-1"]
[WhiteElo "1577"]
[BlackElo "1796"]
[Annotator "NA"]
[PlyCount "118"]
[EventDate "2020.01.26"]
[EventType "swiss"]
[EventCountry "TUR"]
[SourceTitle "playchess.com"]
[Source "ChessBase"]
[SourceQuality "1"]

1. d4 g6 2. Nf3 Bg7 3. c3 d6 4. Bg5 Nf6 5. Nbd2 h6 6. Bf4 Nh5 7. Bg3 Nxg3 8. fxg3 O-O 9. e4 b6 10. Bd3 Bb7 11. O-O Nd7 12. Qe2 c6 13. Rf2 e5 14. Raf1 Qe7 15. dxe5 dxe5 16. Bc4 b5 17. Bb3 Nc5 18. Bc2 a5 19. a3 Bc8 20. b4 axb4 21. axb4 Na4 22. Qe3 Be6 23. Bb3 Bxb3 24. Nxb3 Qa7 25. Re1 Rfd8 26. Na5 Qxe3 27. Rxe3 c5 28. Nc6 Re8 29. bxc5 Bf8 30. Nfd4 exd4 31. cxd4 Nxc5 32. e5 Ne6 33. Rc2 Rac8 34. Kf1 Nd8 35. Ne7+ Rxe7 36. Rxc8 Rd7 37. Rd3 Rd5 38. Ke2 Ne6 39. Ke3 b4 40. Ke4 Ra5 41. Rd2 Kg7 42. d5 Nc5+ 43. Kf3 Ra3+ 44. Ke2 Ne4 45. Rb2 Nc3+ 46. Kd2 Nxd5 47. Rd8 Nb6 48. Rd4 Na4 49. Rb1 Ra2+ 50. Kd3 Rxg2 51. Kc4 Rxh2 52. Ra1 Nc5 53. Rd5 b3 54. Rxc5 Rc2+ 55. Kxb3 Rxc5 56. Re1 Rc6 57. g4 g5 58. Re4 Kg6 59. Re3 Bg7 0-1

[Event "Turkey Cup 2020"]
[Site "Antalya-Belek"]
[Date "2020.01.27"]
[Round "3.79"]
[White "Ozcan, Ilker"]
[Black "Sepici, Batuhan"]
[Result "1-0"]
[WhiteElo "1858"]
[BlackElo "1539"]
[Annotator "NA"]
[PlyCount "81"]
[EventDate "2020.01.26"]
[EventType "swiss"]
[EventCountry "TUR"]
[SourceTitle "playchess.com"]
[Source "ChessBase"]
[SourceQuality "1"]

1. e4 d6 2. d4 g6 3. Nc3 Bg7 4. g3 b6 5. Bg2 Bb7 6. Nge2 e6 7. O-O Ne7 8. Be3 O-O 9. h3 Nd7 10. Qd2 a6 11. g4 Qe8 12. Ng3 f5 13. f4 Nf6 14. Qe2 Qd7 15. Rad1 a5 16. Rf2 Ba6 17. Qe1 Rae8 18. e5 Nfd5 19. Nxd5 Nxd5 20. Bc1 fxg4 21. hxg4 Ne7 22. b3 d5 23. Bh3 Bh6 24. Be3 Bc8 25. Kh2 Qd8 26. Qd2 Rf7 27. Rh1 Ref8 28. Kg1 Bg7 29. Bf1 Bd7 30. Rfh2 Bh8 31. Rh6 Rg7 32. Bd3 Rff7 33. Kg2 Qf8 34. Ne2 c6 35. Ng1 c5 36. c3 g5 37. Qc2 Nf5 38. gxf5 gxf4+ 39. Kf1 fxe3 40. f6 e2+ 41. Nxe2 1-0

[Event "Turkey Cup 2020"]
[Site "Antalya-Belek"]
[Date "2020.01.27"]
[Round "3.81"]
[White "Ozeler, Nedim"]
[Black "Sat, Eray"]
[Result "1-0"]
[WhiteElo "1667"]
[BlackElo "1781"]
[Annotator "NA"]
[PlyCount "139"]
[EventDate "2020.01.26"]
[EventType "swiss"]
[EventCountry "TUR"]
[SourceTitle "playchess.com"]
[Source "ChessBase"]
[SourceQuality "1"]

1. d4 Nf6 2. Nf3 g6 3. c4 Bg7 4. Nc3 O-O 5. e4 d6 6. Be2 Nbd7 7. O-O e5 8. d5 a5 9. Qc2 Ne8 10. Bd2 Nc5 11. Na4 f5 12. Nxc5 dxc5 13. Bd3 Nd6 14. Rfe1 f4 15. Bc3 Qe7 16. h3 g5 17. Kf1 h5 18. Ke2 g4 19. hxg4 hxg4 20. Ng1 Kf7 21. b3 Rh8 22. Kd1 Rh2 23. Bf1 Bd7 24. a4 b6 25. Kc1 Rah8 26. Kb2 Ke8 27. Rad1 Qh4 28. Ka3 Rh1 29. Bd3 Rf8 30. Nf3 gxf3 31. Rxh1 Qg4 32. gxf3 Qxf3 33. Rde1 Kd8 34. Qe2 Qxe2 35. Rxe2 Bf6 36. f3 Nf7 37. Rg2 Rh8 38. Rxh8+ Bxh8 39. Kb2 Bf6 40. Be2 Ke7 41. Kc2 Bh4 42. Rg7 Bf6 43. Rh7 Kf8 44. Be1 Kg8 45. Rh1 Kg7 46. Bh4 Bg5 47. Kd2 Kg6 48. Ke1 Bxh4+ 49. Rxh4 Ng5 50. Rh8 Nh7 51. Rg8+ Kf7 52. Rg1 Nf6 53. Rg5 Nh7 54. Rxe5 Kf6 55. Rh5 Kg6 56. Rh1 Ng5 57. Kf2 Kf6 58. Rh8 Nf7 59. Rh7 Kg6 60. Rh1 Ne5 61. Rg1+ Kf6 62. Bf1 Nf7 63. Rh1 Ng5 64. Rh8 Nf7 65. Rg8 Ne5 66. Rf8+ Kg5 67. Rb8 Kf6 68. Rb7 Ke7 69. Rxc7 Kd8 70. Rb7 1-0

[Event "Turkey Cup 2020"]
[Site "Antalya-Belek"]
[Date "2020.01.27"]
[Round "3.82"]
[White "Gur, Tuba"]
[Black "Koca, Cisem"]
[Result "1/2-1/2"]
[WhiteElo "1782"]
[BlackElo "1643"]
[Annotator "NA"]
[PlyCount "147"]
[EventDate "2020.01.26"]
[EventType "swiss"]
[EventCountry "TUR"]
[SourceTitle "playchess.com"]
[Source "ChessBase"]
[SourceQuality "1"]

1. Nf3 Nf6 2. b3 d6 3. d4 Nbd7 4. Bb2 c6 5. Nbd2 Qc7 6. e3 g6 7. Bd3 Bg7 8. O-O O-O 9. c4 e5 10. Qc2 Re8 11. c5 dxc5 12. dxe5 Ng4 13. Rac1 Ngxe5 14. Nxe5 Bxe5 15. Nf3 Bxb2 16. Qxb2 b6 17. Bc4 Ne5 18. Nxe5 Rxe5 19. Rfd1 Be6 20. Bxe6 Rxe6 21. Qd2 Ree8 22. Rc3 Red8 23. Rd3 Rxd3 24. Qxd3 a5 25. Kf1 Qxh2 26. Qd7 Qh1+ 27. Ke2 Qxg2 28. Rd6 h5 29. Rxc6 h4 30. Rf6 Rf8 31. Rf3 Qg5 32. Kf1 Qe5 33. Qg4 g5 34. Rf5 Qa1+ 35. Kg2 f6 36. Qh5 Kg7 37. Rd5 Rf7 38. Rd8 Qe5 39. Rh8 Qe4+ 40. f3 Qc2+ 41. Kg1 Qd1+ 42. Kg2 Qc2+ 43. Kh3 Qf5+ 44. Kh2 Rd7 45. Qh6+ Kf7 46. Qf8+ Ke6 47. Qe8+ Kd6 48. Qb8+ Kc6 49. Rc8+ Kb5 50. a4+ Kb4 51. Qxb6+ Ka3 52. Qxc5+ Qxc5 53. Rxc5 Kxb3 54. Rxa5 Re7 55. e4 Rc7 56. Ra6 Kb4 57. Rxf6 Kxa4 58. Rf5 Rg7 59. Kh3 Kb4 60. Rd5 Kc4 61. Kg4 Rf7 62. Rxg5 Rh7 63. Kh3 Kd4 64. Rg4 Ke3 65. Rxh4 Rf7 66. Kg4 Rxf3 67. e5 Ke4 68. e6 Re3 69. Rh5 Kd4 70. Rh6 Kd5 71. Kf5 Re5+ 72. Kf4 Rxe6 73. Rxe6 Kxe6 74. Ke4 1/2-1/2

[Event "Turkey Cup 2020"]
[Site "Antalya-Belek"]
[Date "2020.01.27"]
[Round "3.83"]
[White "Dinler, Oral"]
[Black "Basara, Arda"]
[Result "0-1"]
[WhiteElo "1616"]
[BlackElo "1768"]
[Annotator "NA"]
[PlyCount "78"]
[EventDate "2020.01.26"]
[EventType "swiss"]
[EventCountry "TUR"]
[SourceTitle "playchess.com"]
[Source "ChessBase"]
[SourceQuality "1"]

1. d4 d5 2. Nc3 Nf6 3. Bf4 Bf5 4. f3 e6 5. g4 Bg6 6. h4 h6 7. e3 Bd6 8. Bd3 Bxd3 9. Qxd3 Bxf4 10. exf4 Nbd7 11. O-O-O Nb6 12. f5 Qd7 13. Re1 O-O-O 14. fxe6 fxe6 15. Qb5 Qd6 16. Qe2 Rhe8 17. Nb5 Qb4 18. c3 Qa4 19. Na3 e5 20. dxe5 d4 21. cxd4 Nfd5 22. Qd2 Nb4 23. Ne2 Rxe5 24. Nc3 Rxe1+ 25. Rxe1 Qc6 26. Qe3 Nxa2+ 27. Kb1 Nxc3+ 28. Qxc3 Qa4 29. Nc2 Kb8 30. Re4 Nd5 31. Qe1 a5 32. f4 Qb5 33. g5 Qd3 34. Re8 Rxe8 35. Qxe8+ Ka7 36. Qe5 c6 37. f5 Qd1+ 38. Ka2 Qxc2 39. f6 Nc3+ 0-1

[Event "Turkey Cup 2020"]
[Site "Antalya-Belek"]
[Date "2020.01.27"]
[Round "3.84"]
[White "Baylav, Bartu"]
[Black "Yavic, Adnan"]
[Result "0-1"]
[WhiteElo "1777"]
[BlackElo "1590"]
[Annotator "NA"]
[PlyCount "70"]
[EventDate "2020.01.26"]
[EventType "swiss"]
[EventCountry "TUR"]
[SourceTitle "playchess.com"]
[Source "ChessBase"]
[SourceQuality "1"]

1. d4 Nf6 2. c4 e6 3. Nf3 d5 4. cxd5 exd5 5. Qc2 Nc6 6. a3 Bd6 7. Bg5 h6 8. Bxf6 Qxf6 9. e3 Ne7 10. Bd3 Bf5 11. Nc3 c6 12. Bxf5 Nxf5 13. Rc1 O-O 14. O-O Rfe8 15. Ne2 Re4 16. Ng3 Bxg3 17. hxg3 Rae8 18. b4 a6 19. Qd3 h5 20. Ne5 Qh6 21. Rfe1 f6 22. Nf3 h4 23. g4 Nd6 24. Ne5 fxe5 25. f3 Qg6 26. fxe4 Nxe4 27. Qd1 Ng3 28. Kh2 Rf8 29. dxe5 Rf2 30. Qd4 Ne4 31. Qd1 h3 32. Rg1 Qg5 33. Rc2 Qxe5+ 34. Kh1 Ng3+ 35. Kh2 Nf1+ 0-1

[Event "Turkey Cup 2020"]
[Site "Antalya-Belek"]
[Date "2020.01.27"]
[Round "3.85"]
[White "Gunebakan, Yunus Emre"]
[Black "Var, Sefa"]
[Result "0-1"]
[WhiteElo "1402"]
[BlackElo "1739"]
[Annotator "NA"]
[PlyCount "86"]
[EventDate "2020.01.26"]
[EventType "swiss"]
[EventCountry "TUR"]
[SourceTitle "playchess.com"]
[Source "ChessBase"]
[SourceQuality "1"]

1. e4 c5 2. Nf3 Nc6 3. d4 cxd4 4. Nxd4 g6 5. Nc3 Bg7 6. Be3 Nf6 7. Bc4 O-O 8. O-O Nxe4 9. Nxe4 d5 10. Nxc6 bxc6 11. Bd3 dxe4 12. Bxe4 Be6 13. c3 Bd5 14. Qc2 Qc7 15. Rad1 Rfd8 16. Rfe1 a5 17. Bc5 e6 18. Bd4 e5 19. Bc5 f5 20. Bxd5+ cxd5 21. b4 Qc6 22. Qb3 a4 23. Qc2 Rd7 24. Qe2 Rc8 25. f3 Kf7 26. Kf1 h5 27. f4 e4 28. Rd4 Bxd4 29. cxd4 Rb7 30. a3 Qf6 31. b5 Qh4 32. g3 Qh3+ 33. Kg1 h4 34. Qa2 Ke6 35. Re3 Rxb5 36. Qc2 Kf6 37. Re2 hxg3 38. hxg3 Qxg3+ 39. Kf1 Rh8 40. Be7+ Kf7 41. Bh4 Qxf4+ 42. Rf2 Qxh4 43. Qc7+ Qe7 0-1

[Event "Turkey Cup 2020"]
[Site "Antalya-Belek"]
[Date "2020.01.27"]
[Round "3.86"]
[White "Yenil, Mucahit"]
[Black "Yakar, Azat"]
[Result "0-1"]
[WhiteElo "1757"]
[BlackElo "1469"]
[Annotator "NA"]
[PlyCount "128"]
[EventDate "2020.01.26"]
[EventType "swiss"]
[EventCountry "TUR"]
[SourceTitle "playchess.com"]
[Source "ChessBase"]
[SourceQuality "1"]

1. e4 g6 2. d4 Bg7 3. Nc3 c5 4. d5 d6 5. h3 Nf6 6. g4 h6 7. Bg2 a6 8. a4 Nbd7 9. f4 Rb8 10. Qe2 Nh7 11. Nf3 b5 12. a5 b4 13. Nd1 Qc7 14. Ne3 O-O 15. O-O e6 16. Nd2 Bb7 17. dxe6 fxe6 18. Qc4 Rbe8 19. f5 Bd4 20. Nf3 d5 21. exd5 exd5 22. Qd3 Ne5 23. Nxe5 Qxe5 24. fxg6 Rxf1+ 25. Kxf1 Ng5 26. h4 Qf4+ 27. Kg1 Nf3+ 28. Bxf3 Qxf3 29. Qf5 Bxe3+ 30. Bxe3 Qxe3+ 31. Qf2 Qxf2+ 32. Kxf2 Kg7 33. h5 Re4 34. Rg1 Bc8 35. g5 hxg5 36. Rxg5 Rf4+ 37. Ke3 Rf5 38. h6+ Kxh6 39. Rg1 Rg5 40. Rh1+ Kxg6 41. Rh8 Bd7 42. Rd8 Bb5 43. Kf4 Rf5+ 44. Kg4 Re5 45. Kf4 Re4+ 46. Kf3 Rd4 47. Ke3 Kf6 48. Rc8 Re4+ 49. Kf3 c4 50. Rd8 Ke5 51. c3 bxc3 52. bxc3 Re1 53. Rh8 Ra1 54. Ke3 Rxa5 55. Rh5+ Kd6 56. Kd4 Bd7 57. Rh8 Ra1 58. Ra8 a5 59. Ke3 a4 60. Kd2 Bf5 61. Ra6+ Ke5 62. Ra5 a3 63. Ra8 a2 64. Ra3 Rh1 0-1

[Event "Turkey Cup 2020"]
[Site "Antalya-Belek"]
[Date "2020.01.27"]
[Round "3.87"]
[White "Arslan, Tayfun"]
[Black "Ekici, Kaan Muhammed"]
[Result "0-1"]
[WhiteElo "1462"]
[BlackElo "1738"]
[Annotator "NA"]
[PlyCount "150"]
[EventDate "2020.01.26"]
[EventType "swiss"]
[EventCountry "TUR"]
[SourceTitle "playchess.com"]
[Source "ChessBase"]
[SourceQuality "1"]

1. e4 c5 2. Nf3 e6 3. d4 cxd4 4. Nxd4 a6 5. c4 Qc7 6. Nc3 Nf6 7. Bd3 Nc6 8. Be3 Ne5 9. Qe2 Be7 10. h3 O-O 11. O-O d6 12. Nf3 Nxd3 13. Qxd3 b6 14. Nd4 Bb7 15. f3 Rac8 16. Nc2 Rfd8 17. Rac1 d5 18. cxd5 exd5 19. exd5 Nxd5 20. Nxd5 Rxd5 21. Nd4 Qg3 22. Qe4 Qe5 23. Rxc8+ Bxc8 24. Rc1 Bd7 25. Qxe5 Rxe5 26. Kf2 Bc5 27. Nc2 f6 28. Rd1 Be6 29. b3 Kf7 30. Rd2 g5 31. g4 f5 32. Bxc5 Rxc5 33. Nd4 Kf6 34. gxf5 Bxf5 35. Nxf5 Kxf5 36. Kg3 h5 37. Kg2 a5 38. Kf2 b5 39. Ke3 Rc3+ 40. Kf2 Rc5 41. Ke3 b4 42. Kf2 Ke5 43. Kg3 Kf5 44. Kf2 h4 45. Ke3 Ke5 46. Kf2 Rc3 47. Re2+ Kd4 48. Rd2+ Rd3 49. Rc2 Rd1 50. Ke2 Rh1 51. Rc4+ Kd5 52. Rg4 Rh2+ 53. Kd3 Rxa2 54. Rxg5+ Ke6 55. Rg4 Rf2 56. Rxh4 Rxf3+ 57. Kc4 Rf5 58. Rh6+ Ke5 59. Kb5 Kd4+ 60. Ka4 Kc3 61. Rc6+ Kb2 62. Rg6 Rf3 63. Rg2+ Kc3 64. Rh2 Rf1 65. Kxa5 Kxb3 66. h4 Ka3 67. h5 b3 68. h6 Rf8 69. Rh3 Ra8+ 70. Kb5 Ka2 71. h7 b2 72. Rh2 Ka1 73. h8=Q Rxh8 74. Rxh8 b1=Q+ 75. Kc6 Qe4+ 0-1

[Event "Turkey Cup 2020"]
[Site "Antalya-Belek"]
[Date "2020.01.27"]
[Round "3.88"]
[White "Koc, Aylin"]
[Black "Temel, Burcu Melis"]
[Result "0-1"]
[WhiteElo "1500"]
[BlackElo "1752"]
[Annotator "NA"]
[PlyCount "159"]
[EventDate "2020.01.26"]
[EventType "swiss"]
[EventCountry "TUR"]
[SourceTitle "playchess.com"]
[Source "ChessBase"]
[SourceQuality "1"]

1. e4 c5 2. Nf3 Nc6 3. d4 cxd4 4. Nxd4 e6 5. Nc3 Nf6 6. Be3 Bb4 7. Nxc6 bxc6 8. Bd3 d5 9. exd5 exd5 10. a3 Bd6 11. Bg5 O-O 12. O-O Be5 13. Re1 Qd6 14. Bxf6 Bxf6 15. Rb1 Rb8 16. Na4 Qf4 17. b4 Bg4 18. Qc1 Qd6 19. h3 Bh5 20. Nc5 Bc3 21. Rf1 a5 22. Na6 Ra8 23. bxa5 Bxa5 24. c4 c5 25. cxd5 Rxa6 26. Bxa6 Bc7 27. g3 Qxa6 28. Qxc5 Bd6 29. Qc6 Qxa3 30. Ra1 Qc5 31. Rfc1 Qxc6 32. Rxc6 Be5 33. Ra7 Bf3 34. Rd7 h5 35. Kf1 Re8 36. Rc1 Bd4 37. d6 Re2 38. Rd8+ Kh7 39. d7 Rxf2+ 40. Ke1 Re2+ 41. Kf1 Bf6 42. Re8 Rd2 43. Rc7 h4 44. g4 Bg2+ 45. Ke1 Rd6 46. Re3 Bg5 47. Rb3 Be4 48. Rb5 Kg6 49. Rcc5 Bd2+ 50. Kf2 Rxd7 51. Rh5 Re7 52. Rxh4 Bc6 53. Rb1 Be3+ 54. Kf1 Be4 55. Re1 Bf4 56. Ra1 Bg3 57. Rh5 f6 58. Rha5 Bd3+ 59. Kg2 Bc7 60. Ra7 Re2+ 61. Kf3 Bb6 62. R7a2 Re3+ 63. Kf4 Rxh3 64. g5 f5 65. Ke5 Kxg5 66. Rg2+ Kh6 67. Rc1 Be4 68. Rd2 Be3 69. Rd6+ Kg5 70. Rf1 Rf3 71. Rxf3 Bxf3 72. Rd7 g6 73. Re7 f4 74. Re6 Bh5 75. Ke4 Kg4 76. Rf6 g5 77. Rh6 Be8 78. Rf6 Ba4 79. Kd3 Kf3 80. Rb6 0-1

[Event "Turkey Cup 2020"]
[Site "Antalya-Belek"]
[Date "2020.01.27"]
[Round "3.89"]
[White "Pulat, Gulce"]
[Black "Demir, Hilmi Mustafa"]
[Result "1/2-1/2"]
[WhiteElo "1539"]
[BlackElo "1806"]
[Annotator "NA"]
[PlyCount "28"]
[EventDate "2020.01.26"]
[EventType "swiss"]
[EventCountry "TUR"]
[SourceTitle "playchess.com"]
[Source "ChessBase"]
[SourceQuality "1"]

1. e4 e5 2. Nf3 Nc6 3. Bb5 a6 4. Ba4 Nf6 5. d3 b5 6. Bb3 Be7 7. O-O O-O 8. Re1 d6 9. c3 Nd7 10. Nbd2 Na5 11. Bc2 c5 12. Nf1 Bf6 13. Ne3 Nb6 14. h3 Nc6 1/2-1/2

[Event "Turkey Cup 2020"]
[Site "Antalya-Belek"]
[Date "2020.01.27"]
[Round "3.90"]
[White "Yucesoy, Atil"]
[Black "Saglam, Emrah Sitki"]
[Result "1/2-1/2"]
[WhiteElo "1680"]
[BlackElo "1614"]
[Annotator "NA"]
[PlyCount "93"]
[EventDate "2020.01.26"]
[EventType "swiss"]
[EventCountry "TUR"]
[SourceTitle "playchess.com"]
[Source "ChessBase"]
[SourceQuality "1"]

1. d4 d5 2. Bf4 c5 3. e3 cxd4 4. exd4 Nc6 5. Nf3 Bf5 6. Bd3 Bxd3 7. Qxd3 e6 8. Qb5 Qd7 9. Nbd2 Nge7 10. O-O Ng6 11. Bg3 h5 12. h3 h4 13. Bh2 Bd6 14. Bxd6 Qxd6 15. Qxb7 Rb8 16. Qa6 Rb6 17. Qa4 Rxb2 18. Nb3 O-O 19. c4 dxc4 20. Qxc4 Nce7 21. Qc3 Re2 22. Qa5 Qd5 23. Qxa7 Ra8 24. Qc5 Rexa2 25. Rab1 Rc8 26. Qb6 Nf5 27. Rbc1 Raa8 28. Rxc8+ Rxc8 29. Rc1 Ra8 30. Rc5 Qe4 31. Qc6 Qxc6 32. Rxc6 Nf4 33. Rc4 Ra3 34. Nbd2 Ra1+ 35. Kh2 Ne2 36. Rb4 f6 37. Rb6 g5 38. Rb7 Nfg3 39. Rb1 Rxb1 40. Nxb1 Ne4 41. g3 hxg3+ 42. fxg3 N4xg3 43. Nbd2 Nf5 44. Ne4 Kf7 45. Nfxg5+ fxg5 46. Nxg5+ Kf6 47. Nxe6 1/2-1/2

[Event "Turkey Cup 2020"]
[Site "Antalya-Belek"]
[Date "2020.01.27"]
[Round "3.91"]
[White "Yenice, Yusuf Erkan"]
[Black "Erdal, Emre"]
[Result "1-0"]
[WhiteElo "1508"]
[BlackElo "1833"]
[Annotator "NA"]
[PlyCount "69"]
[EventDate "2020.01.26"]
[EventType "swiss"]
[EventCountry "TUR"]
[SourceTitle "playchess.com"]
[Source "ChessBase"]
[SourceQuality "1"]

1. e4 c6 2. d4 d5 3. exd5 cxd5 4. c4 Nf6 5. Nc3 Nc6 6. Bg5 e6 7. Nf3 Be7 8. c5 O-O 9. Bb5 Qc7 10. a3 Ne4 11. Bxe7 Qxe7 12. O-O Rd8 13. Re1 Ng5 14. Bxc6 Nxf3+ 15. Qxf3 bxc6 16. b4 Qd7 17. Qe2 f6 18. f4 Qc7 19. g3 Bd7 20. b5 cxb5 21. Nxb5 Qc6 22. Nd6 Rab8 23. Qh5 Be8 24. Qe2 Bd7 25. Rab1 a5 26. Qc2 Qa4 27. Qxa4 Bxa4 28. Nb7 Re8 29. Nxa5 Ra8 30. Nb7 h5 31. Rb6 Rab8 32. Reb1 Rec8 33. Nd6 Rxb6 34. Rxb6 Kf8 35. Nxc8 1-0

[Event "Turkey Cup 2020"]
[Site "Antalya-Belek"]
[Date "2020.01.27"]
[Round "3.92"]
[White "Atas, Remzi"]
[Black "Ozsarilar, Osman Nuri"]
[Result "0-1"]
[WhiteElo "1498"]
[BlackElo "1724"]
[Annotator "NA"]
[PlyCount "38"]
[EventDate "2020.01.26"]
[EventType "swiss"]
[EventCountry "TUR"]
[SourceTitle "playchess.com"]
[Source "ChessBase"]
[SourceQuality "1"]

1. d4 d5 2. Nf3 Nf6 3. c4 c6 4. Nc3 Bf5 5. Bg5 Nbd7 6. e3 Ne4 7. Nxe4 dxe4 8. Nh4 Be6 9. g3 Qa5+ 10. Qd2 Qxg5 11. Ng2 Bg4 12. h4 Qf6 13. Be2 Bxe2 14. Qxe2 e5 15. Qc2 Bb4+ 16. Kf1 Qf3 17. Qb3 Bd6 18. Qxb7 Rb8 19. Qxc6 Rxb2 0-1

[Event "Turkey Cup 2020"]
[Site "Antalya-Belek"]
[Date "2020.01.27"]
[Round "3.94"]
[White "Yildirim, Ibrahim Halil"]
[Black "Saglam, Baver"]
[Result "1-0"]
[WhiteElo "1794"]
[BlackElo "1364"]
[Annotator "NA"]
[PlyCount "59"]
[EventDate "2020.01.26"]
[EventType "swiss"]
[EventCountry "TUR"]
[SourceTitle "playchess.com"]
[Source "ChessBase"]
[SourceQuality "1"]

1. e4 e5 2. Bc4 Nc6 3. Nc3 Nf6 4. d3 Bc5 5. f4 d6 6. Nf3 Bg4 7. Na4 Bb6 8. Nxb6 axb6 9. O-O Nd4 10. fxe5 dxe5 11. Bxf7+ Ke7 12. Bc4 b5 13. Bb3 Nxf3+ 14. gxf3 Qd4+ 15. Kg2 Bh5 16. c3 Qd6 17. d4 Rad8 18. Qe2 c6 19. Bg5 Rdf8 20. Rad1 h6 21. Bh4 g5 22. Bg3 g4 23. f4 exf4 24. Bxf4 Qd7 25. Be5 Qe8 26. Rf5 Qg6 27. Rdf1 g3 28. Bxf6+ Kd7 29. Qxh5 Rxf6 30. Qxg6 1-0